Podium du Rallye de Bonaguil - Statistiques

Statistiques générales
  • Ce quiz a été pris 5 fois
  • Le résultat moyen est 5 sur 49
Statistiques - réponses
Vainqueur % Correct
Ayrton Lechartier
67%
Anthony Mora
33%
Antoine Hommeau
33%
Gérard Feltrin
33%
Jean-Michel Da Cuhna
33%
Jonathan Gros
33%
Julien Marty
33%
Laurent Maurat
33%
Laurent Maurat
33%
Patrick Tuo
33%
Paul Paillé
33%
Régis Monéger
33%
Stéphane Huchet
33%
Yannick Lacouture
33%
Yohan Dupouy
33%
Alain Coste
0%
Anthony Ulbert
0%
Benoit Granot
0%
Bernard Leuvrey
0%
Clément Aulie
0%
Didier Bressou
0%
Eric Sauteur
0%
Eric Thuel-Chassaigne
0%
Franck Ulbert
0%
Francois Pelamourgues
0%
Grégory Romero
0%
Henri Depons
0%
Jean-Charles Beaubelique
0%
Jean-Claude Gourgues
0%
Jean-Jacques Merle
0%
Jean-Laurent Chivaydel
0%
Jean-Michel Loubet
0%
Jean-Pierre Damiao
0%
Jean-Yves Lafitte
0%
Laurent Borderie
0%
Laurent Borderie
0%
Loic Larquey
0%
Maxime Furton
0%
Michael Lobry
0%
Pascal Cloitre
0%
Pascal Dulong
0%
Pascal Jean
0%
Patrick Doimo
0%
Philippe Chaboseau
0%
Philippe Schwartz
0%
Philippe Taffonneau
0%
Rémi Dujardin
0%
Sébastien Pezet
0%
Serge Salé
0%
Aucun quiz correspondant
Distribution des résultats
% des personnes avec chaque résultat
Percentile par nombre de réponses
Votre historique - résultats
Vous n’avez pas pris ce quiz